| 000 | 00631nam a22002057a 4500 | ||
|---|---|---|---|
| 005 | 20221229131657.0 | ||
| 008 | 221229b ||||| |||| 00| 0 eng d | ||
| 040 | _cAL | ||
| 041 | _aEnglish | ||
| 082 |
_223 _a954.7923 _bSALC |
||
| 100 |
_aP B Salunkhe _967924 |
||
| 245 | _aChhatrapati Shahu the Pillar of Social Democracy | ||
| 260 |
_aBombay _bThe Education Department _c1994 |
||
| 300 |
_axxiv,432 p. _bHB _c25x16 cm. |
||
| 650 |
_aIndia--Kolhapur _967925 |
||
| 650 |
_aShahu Chhatrapati, Maharaja of Kolhapur, 1874-1922 _967926 |
||
| 650 |
_aKings and rulers _967927 |
||
| 700 |
_aSALUNKHE (P B) _967928 |
||
| 942 |
_2ddc _cDB |
||
| 999 |
_c226116 _d226116 |
||